MARC

LEADER 00000nam0a2200000 4500
001 272504
005 20231101234536.0
035 |a (RuTPU)RU\TPU\book\295711 
090 |a 272504 
100 |a 20141018d1987 km y0rusy50 ca 
101 0 |a rus 
102 |a RU 
105 |a a z 001zy 
200 1 |a Автоматизация проектирования технологии в машиностроении  |f Б. Е. Челищев, И. В. Боброва, А. Гонсалес-Сабатер 
210 |a Москва  |c Машиностроение  |d 1987 
215 |a 264 с.  |c ил. 
225 1 |a Гибкие производственные системы 
320 |a Библиогр.: с. 261-262 
606 1 |a Машиностроение  |x Технологические процессы  |2 stltpush  |3 (RuTPU)RU\TPU\subj\70493  |9 84738 
610 1 |a автоматизация 
610 1 |a проектирование 
610 1 |a технологии 
610 1 |a математическое моделирование 
610 1 |a автоматизированное проектирование 
610 1 |a механическая обработка 
610 1 |a сборка 
675 |a 621.002:658.512  |v 3 
700 1 |a Челищев  |b Б. Е. 
701 1 |a Боброва  |b И. В. 
701 1 |a Гонсалес-Сабатер  |b А. 
801 1 |a RU  |b 63413507  |c 20141018 
801 2 |a RU  |b 63413507  |c 20170316  |g RCR 
942 |c BK